| 000 | 00471nam a2200169Ia 4500 | ||
|---|---|---|---|
| 008 | 151213s9999 xx 000 0 und d | ||
| 020 | _a978-81-315-0461-1 | ||
| 082 |
_a822.3 _b822.3 |
||
| 100 | _aBy-Brian Gibbons | ||
| 245 |
_aRomeo and Juliet the Arden Shakespeare _cBy-Brian Gibbons |
||
| 260 |
_aIndia _bMethune & Co.Ltd _c1980 |
||
| 300 | _a10687 p. | ||
| 650 | _aEnglish Literature | ||
| 650 | _aEnglish Literature | ||
| 700 | _aBy-Brian Gibbons | ||
| 999 |
_c4878 _d4878 |
||